Statistics for The Malala Yousafzai Quiz

Click here to take the quiz!

General Stats

  • This quiz has been taken 87 times
  • The average score is 8 of 20

Answer Stats

HintAnswer% Correct
Which country is she from?Pakistan
98%
In which valley did Malala live in her home country?Swat
68%
What is her religion?Islam
58%
Malala got shot by a member of which terrorist group?Taliban
51%
Malala was travelling home from where when she got shot?School
49%
They shot her for speaking out for what?Girl's education
46%
How old will she be on her birthday in 2016?19
46%
What is the name of the town she lived in?Mingora
45%
Malala became the youngest person to win which prize in 2014?Nobel Peace Prize
43%
Other than English, which language does she also speak?Urdu
42%
What is the name of her book?I Am Malala
38%
In 2008, when she was in seventh grade, Malala anonymously wrote a blog about her life under the Taliban for which website?BBC
37%
Where did Malala speak on her 16th birthday?United Nations
34%
In which UK city does she currently live?Birmingham
34%
In 2013, 14, and 15, Malala was featured as one of the "100 Most Influential People in the World" in which magazine?Time
32%
What is her native language?Pashto
22%
What is the name of the documentary about her?He Named Me Malala
18%
In which UK hospital was she treated in?Queen Elizabeth
12%
After the blog ended, Malala filmed a documentary called "Class Dismissed" for which news outlet?New York Times
8%
Which major city was it closest to?Peshawar
8%

Score Distribution

Percentile by Number Answered

Percent of People with Each Score

Your Score History

You have not taken this quiz